| 000 | 00418pab a2200169 454500 | ||
|---|---|---|---|
| 008 | 180718b1996 xxu||||| |||| 00| 0 eng d | ||
| 100 | _aKapoor, H.L. | ||
| 245 | _aChild labour: more stringent laws needed | ||
| 260 | _c1996 | ||
| 300 | _ap.8 | ||
| 362 | _a14 Dec | ||
| 650 | _aChildren - Employment - India | ||
| 650 | _aChild labour - India | ||
| 650 | _aChild workers | ||
| 773 | _aStatesman | ||
| 909 | _a33650 | ||
| 999 |
_c33650 _d33650 |
||